| 000 | 00975nam a22002417a 4500 | ||
|---|---|---|---|
| 003 | SISC | ||
| 005 | 20171019102608.0 | ||
| 008 | 171019b xxu||||| |||| 00| 0 eng d | ||
| 020 | _a9780198308768 | ||
| 050 |
_aCD QD 33 _b.G162 2015 |
||
| 100 | _aGallagher, RoseMarie | ||
| 245 |
_aComplete chemistry for Cambridge IGCSE : _bteacher resource pack / _cRoseMarie Gallagher, Paul Ingram |
||
| 250 | _aThird edition | ||
| 260 |
_aOxford : _bOxford University Press, _cc2015. |
||
| 300 | _a1 CD | ||
| 500 | _aAccompanying material for the book entitled "Complete chemistry for Cambridge IGCSE: teacher resource pack" with barcode 20467. | ||
| 538 | _aPC and MAC compatible version 1.0 | ||
| 650 |
_2Library of Congress Subject Headings _aChemistry _xStudy and teaching (Secondary) _zGreat Britain |
||
| 650 |
_2Library of Congress Subject Headings _aChemistry _xStudy and teaching (Secondary) |
||
| 700 | _aIngram, Paul | ||
| 942 |
_2lcc _cAVM _eThird |
||
| 999 |
_c344419 _d344419 |
||